<?xml version="1.0" encoding="UTF-8"?>
<record
    xmlns:xsi="http://www.w3.org/2001/XMLSchema-instance"
    xsi:schemaLocation="http://www.loc.gov/MARC21/slim http://www.loc.gov/standards/marcxml/schema/MARC21slim.xsd"
    xmlns="http://www.loc.gov/MARC21/slim">

  <leader>00551nam a2200193   4500</leader>
  <controlfield tag="003">SEACOMEC</controlfield>
  <controlfield tag="005">20240924152800.0</controlfield>
  <controlfield tag="008">240924b        |||||||| |||| 00| 0 eng d</controlfield>
  <datafield tag="020" ind1=" " ind2=" ">
    <subfield code="a">978-1259029967</subfield>
    <subfield code="c">228.00</subfield>
  </datafield>
  <datafield tag="040" ind1=" " ind2=" ">
    <subfield code="a">SEACOMEC</subfield>
  </datafield>
  <datafield tag="082" ind1=" " ind2=" ">
    <subfield code="a">005.73</subfield>
    <subfield code="b">L767</subfield>
  </datafield>
  <datafield tag="100" ind1=" " ind2=" ">
    <subfield code="a">Lipschutz, Seymou</subfield>
  </datafield>
  <datafield tag="245" ind1=" " ind2=" ">
    <subfield code="a">Data Structures / </subfield>
    <subfield code="c">Seymou  Lipschutz and G A Vijayalakshmi Pai.</subfield>
  </datafield>
  <datafield tag="260" ind1=" " ind2=" ">
    <subfield code="a">New Delhi </subfield>
    <subfield code="b">Tata Mc Graw Hill</subfield>
    <subfield code="c"> 2006</subfield>
  </datafield>
  <datafield tag="440" ind1=" " ind2=" ">
    <subfield code="a">Schaum's outline series</subfield>
  </datafield>
  <datafield tag="650" ind1=" " ind2=" ">
    <subfield code="a">Computer Science</subfield>
  </datafield>
  <datafield tag="700" ind1=" " ind2=" ">
    <subfield code="a">Pai, G A Vijayalakshmi.</subfield>
  </datafield>
  <datafield tag="942" ind1=" " ind2=" ">
    <subfield code="c">BOOK</subfield>
  </datafield>
  <datafield tag="952" ind1=" " ind2=" ">
    <subfield code="0">0</subfield>
    <subfield code="1">0</subfield>
    <subfield code="2">ddc</subfield>
    <subfield code="4">0</subfield>
    <subfield code="7">0</subfield>
    <subfield code="a">SEACOMEC</subfield>
    <subfield code="b">SEACOMEC</subfield>
    <subfield code="d">2007-08-14</subfield>
    <subfield code="l">0</subfield>
    <subfield code="o">005.73 L767</subfield>
    <subfield code="p">7891</subfield>
    <subfield code="r">2024-09-24 15:18:04</subfield>
    <subfield code="w">2024-09-24</subfield>
    <subfield code="y">BOOK</subfield>
  </datafield>
  <datafield tag="952" ind1=" " ind2=" ">
    <subfield code="0">0</subfield>
    <subfield code="1">0</subfield>
    <subfield code="2">ddc</subfield>
    <subfield code="4">0</subfield>
    <subfield code="7">0</subfield>
    <subfield code="a">SEACOMEC</subfield>
    <subfield code="b">SEACOMEC</subfield>
    <subfield code="d">2007-08-14</subfield>
    <subfield code="l">0</subfield>
    <subfield code="o">005.73 L767</subfield>
    <subfield code="p">7892</subfield>
    <subfield code="r">2024-09-24 15:18:04</subfield>
    <subfield code="t">1</subfield>
    <subfield code="w">2024-09-24</subfield>
    <subfield code="y">BOOK</subfield>
  </datafield>
  <datafield tag="952" ind1=" " ind2=" ">
    <subfield code="0">0</subfield>
    <subfield code="1">0</subfield>
    <subfield code="2">ddc</subfield>
    <subfield code="4">0</subfield>
    <subfield code="7">0</subfield>
    <subfield code="a">SEACOMEC</subfield>
    <subfield code="b">SEACOMEC</subfield>
    <subfield code="d">2007-08-14</subfield>
    <subfield code="l">0</subfield>
    <subfield code="o">005.73 L767</subfield>
    <subfield code="p">7893</subfield>
    <subfield code="r">2024-09-24 15:18:04</subfield>
    <subfield code="t">2</subfield>
    <subfield code="w">2024-09-24</subfield>
    <subfield code="y">BOOK</subfield>
  </datafield>
  <datafield tag="952" ind1=" " ind2=" ">
    <subfield code="0">0</subfield>
    <subfield code="1">0</subfield>
    <subfield code="2">ddc</subfield>
    <subfield code="4">0</subfield>
    <subfield code="7">0</subfield>
    <subfield code="a">SEACOMEC</subfield>
    <subfield code="b">SEACOMEC</subfield>
    <subfield code="d">2007-08-14</subfield>
    <subfield code="l">0</subfield>
    <subfield code="o">005.73 L767</subfield>
    <subfield code="p">7894</subfield>
    <subfield code="r">2024-09-24 15:18:04</subfield>
    <subfield code="t">3</subfield>
    <subfield code="w">2024-09-24</subfield>
    <subfield code="y">BOOK</subfield>
  </datafield>
  <datafield tag="952" ind1=" " ind2=" ">
    <subfield code="0">0</subfield>
    <subfield code="1">0</subfield>
    <subfield code="2">ddc</subfield>
    <subfield code="4">0</subfield>
    <subfield code="7">0</subfield>
    <subfield code="a">SEACOMEC</subfield>
    <subfield code="b">SEACOMEC</subfield>
    <subfield code="d">2007-08-14</subfield>
    <subfield code="l">0</subfield>
    <subfield code="o">005.73 L767</subfield>
    <subfield code="p">7895</subfield>
    <subfield code="r">2024-09-24 15:18:04</subfield>
    <subfield code="t">4</subfield>
    <subfield code="w">2024-09-24</subfield>
    <subfield code="y">BOOK</subfield>
  </datafield>
  <datafield tag="952" ind1=" " ind2=" ">
    <subfield code="0">0</subfield>
    <subfield code="1">0</subfield>
    <subfield code="2">ddc</subfield>
    <subfield code="4">0</subfield>
    <subfield code="7">0</subfield>
    <subfield code="a">SEACOMEC</subfield>
    <subfield code="b">SEACOMEC</subfield>
    <subfield code="d">2007-08-14</subfield>
    <subfield code="l">0</subfield>
    <subfield code="o">005.73 L767</subfield>
    <subfield code="p">7896</subfield>
    <subfield code="r">2024-09-24 15:18:04</subfield>
    <subfield code="t">5</subfield>
    <subfield code="w">2024-09-24</subfield>
    <subfield code="y">BOOK</subfield>
  </datafield>
  <datafield tag="952" ind1=" " ind2=" ">
    <subfield code="0">0</subfield>
    <subfield code="1">0</subfield>
    <subfield code="2">ddc</subfield>
    <subfield code="4">0</subfield>
    <subfield code="7">0</subfield>
    <subfield code="a">SEACOMEC</subfield>
    <subfield code="b">SEACOMEC</subfield>
    <subfield code="d">2007-08-14</subfield>
    <subfield code="l">0</subfield>
    <subfield code="o">005.73 L767</subfield>
    <subfield code="p">7897</subfield>
    <subfield code="r">2024-09-24 15:18:04</subfield>
    <subfield code="t">6</subfield>
    <subfield code="w">2024-09-24</subfield>
    <subfield code="y">BOOK</subfield>
  </datafield>
  <datafield tag="952" ind1=" " ind2=" ">
    <subfield code="0">0</subfield>
    <subfield code="1">0</subfield>
    <subfield code="2">ddc</subfield>
    <subfield code="4">0</subfield>
    <subfield code="7">0</subfield>
    <subfield code="a">SEACOMEC</subfield>
    <subfield code="b">SEACOMEC</subfield>
    <subfield code="d">2007-08-14</subfield>
    <subfield code="l">0</subfield>
    <subfield code="o">005.73 L767</subfield>
    <subfield code="p">7898</subfield>
    <subfield code="r">2024-09-24 15:18:04</subfield>
    <subfield code="t">7</subfield>
    <subfield code="w">2024-09-24</subfield>
    <subfield code="y">BOOK</subfield>
  </datafield>
  <datafield tag="952" ind1=" " ind2=" ">
    <subfield code="0">0</subfield>
    <subfield code="1">0</subfield>
    <subfield code="2">ddc</subfield>
    <subfield code="4">0</subfield>
    <subfield code="7">0</subfield>
    <subfield code="a">SEACOMEC</subfield>
    <subfield code="b">SEACOMEC</subfield>
    <subfield code="d">2007-08-14</subfield>
    <subfield code="l">0</subfield>
    <subfield code="o">005.73 L767</subfield>
    <subfield code="p">7899</subfield>
    <subfield code="r">2024-09-24 15:18:04</subfield>
    <subfield code="t">8</subfield>
    <subfield code="w">2024-09-24</subfield>
    <subfield code="y">BOOK</subfield>
  </datafield>
  <datafield tag="952" ind1=" " ind2=" ">
    <subfield code="0">0</subfield>
    <subfield code="1">0</subfield>
    <subfield code="2">ddc</subfield>
    <subfield code="4">0</subfield>
    <subfield code="7">0</subfield>
    <subfield code="a">SEACOMEC</subfield>
    <subfield code="b">SEACOMEC</subfield>
    <subfield code="d">2007-08-14</subfield>
    <subfield code="l">0</subfield>
    <subfield code="o">005.73 L767</subfield>
    <subfield code="p">7900</subfield>
    <subfield code="r">2024-09-24 15:18:04</subfield>
    <subfield code="t">9</subfield>
    <subfield code="w">2024-09-24</subfield>
    <subfield code="y">BOOK</subfield>
  </datafield>
  <datafield tag="952" ind1=" " ind2=" ">
    <subfield code="0">0</subfield>
    <subfield code="1">0</subfield>
    <subfield code="2">ddc</subfield>
    <subfield code="4">0</subfield>
    <subfield code="7">0</subfield>
    <subfield code="a">SEACOMEC</subfield>
    <subfield code="b">SEACOMEC</subfield>
    <subfield code="d">2007-08-14</subfield>
    <subfield code="l">0</subfield>
    <subfield code="o">005.73 L767</subfield>
    <subfield code="p">7901</subfield>
    <subfield code="r">2024-09-24 15:18:04</subfield>
    <subfield code="t">10</subfield>
    <subfield code="w">2024-09-24</subfield>
    <subfield code="y">BOOK</subfield>
  </datafield>
  <datafield tag="952" ind1=" " ind2=" ">
    <subfield code="0">0</subfield>
    <subfield code="1">0</subfield>
    <subfield code="2">ddc</subfield>
    <subfield code="4">0</subfield>
    <subfield code="7">0</subfield>
    <subfield code="a">SEACOMEC</subfield>
    <subfield code="b">SEACOMEC</subfield>
    <subfield code="d">2007-08-14</subfield>
    <subfield code="l">0</subfield>
    <subfield code="o">005.73 L767</subfield>
    <subfield code="p">7902</subfield>
    <subfield code="r">2024-09-24 15:18:04</subfield>
    <subfield code="t">11</subfield>
    <subfield code="w">2024-09-24</subfield>
    <subfield code="y">BOOK</subfield>
  </datafield>
  <datafield tag="952" ind1=" " ind2=" ">
    <subfield code="0">0</subfield>
    <subfield code="1">0</subfield>
    <subfield code="2">ddc</subfield>
    <subfield code="4">0</subfield>
    <subfield code="7">0</subfield>
    <subfield code="a">SEACOMEC</subfield>
    <subfield code="b">SEACOMEC</subfield>
    <subfield code="d">2007-08-14</subfield>
    <subfield code="l">0</subfield>
    <subfield code="o">005.73 L767</subfield>
    <subfield code="p">7903</subfield>
    <subfield code="r">2024-09-24 15:18:04</subfield>
    <subfield code="t">12</subfield>
    <subfield code="w">2024-09-24</subfield>
    <subfield code="y">BOOK</subfield>
  </datafield>
  <datafield tag="952" ind1=" " ind2=" ">
    <subfield code="0">0</subfield>
    <subfield code="1">0</subfield>
    <subfield code="2">ddc</subfield>
    <subfield code="4">0</subfield>
    <subfield code="7">0</subfield>
    <subfield code="a">SEACOMEC</subfield>
    <subfield code="b">SEACOMEC</subfield>
    <subfield code="d">2007-08-14</subfield>
    <subfield code="l">0</subfield>
    <subfield code="o">005.73 L767</subfield>
    <subfield code="p">7904</subfield>
    <subfield code="r">2024-09-24 15:18:04</subfield>
    <subfield code="t">13</subfield>
    <subfield code="w">2024-09-24</subfield>
    <subfield code="y">BOOK</subfield>
  </datafield>
  <datafield tag="952" ind1=" " ind2=" ">
    <subfield code="0">0</subfield>
    <subfield code="1">0</subfield>
    <subfield code="2">ddc</subfield>
    <subfield code="4">0</subfield>
    <subfield code="7">0</subfield>
    <subfield code="a">SEACOMEC</subfield>
    <subfield code="b">SEACOMEC</subfield>
    <subfield code="d">2007-08-14</subfield>
    <subfield code="l">0</subfield>
    <subfield code="o">005.73 L767</subfield>
    <subfield code="p">7905</subfield>
    <subfield code="r">2024-09-24 15:18:04</subfield>
    <subfield code="t">14</subfield>
    <subfield code="w">2024-09-24</subfield>
    <subfield code="y">BOOK</subfield>
  </datafield>
  <datafield tag="952" ind1=" " ind2=" ">
    <subfield code="0">0</subfield>
    <subfield code="1">0</subfield>
    <subfield code="2">ddc</subfield>
    <subfield code="4">0</subfield>
    <subfield code="7">0</subfield>
    <subfield code="a">SEACOMEC</subfield>
    <subfield code="b">SEACOMEC</subfield>
    <subfield code="d">2007-08-14</subfield>
    <subfield code="l">0</subfield>
    <subfield code="o">005.73 L767</subfield>
    <subfield code="p">7906</subfield>
    <subfield code="r">2024-09-24 15:18:04</subfield>
    <subfield code="t">15</subfield>
    <subfield code="w">2024-09-24</subfield>
    <subfield code="y">BOOK</subfield>
  </datafield>
  <datafield tag="952" ind1=" " ind2=" ">
    <subfield code="0">0</subfield>
    <subfield code="1">0</subfield>
    <subfield code="2">ddc</subfield>
    <subfield code="4">0</subfield>
    <subfield code="7">0</subfield>
    <subfield code="a">SEACOMEC</subfield>
    <subfield code="b">SEACOMEC</subfield>
    <subfield code="d">2007-08-14</subfield>
    <subfield code="l">0</subfield>
    <subfield code="o">005.73 L767</subfield>
    <subfield code="p">7907</subfield>
    <subfield code="r">2024-09-24 15:18:04</subfield>
    <subfield code="t">16</subfield>
    <subfield code="w">2024-09-24</subfield>
    <subfield code="y">BOOK</subfield>
  </datafield>
  <datafield tag="952" ind1=" " ind2=" ">
    <subfield code="0">0</subfield>
    <subfield code="1">0</subfield>
    <subfield code="2">ddc</subfield>
    <subfield code="4">0</subfield>
    <subfield code="7">0</subfield>
    <subfield code="a">SEACOMEC</subfield>
    <subfield code="b">SEACOMEC</subfield>
    <subfield code="d">2007-08-14</subfield>
    <subfield code="l">0</subfield>
    <subfield code="o">005.73 L767</subfield>
    <subfield code="p">7908</subfield>
    <subfield code="r">2024-09-24 15:18:04</subfield>
    <subfield code="t">17</subfield>
    <subfield code="w">2024-09-24</subfield>
    <subfield code="y">BOOK</subfield>
  </datafield>
  <datafield tag="952" ind1=" " ind2=" ">
    <subfield code="0">0</subfield>
    <subfield code="1">0</subfield>
    <subfield code="2">ddc</subfield>
    <subfield code="4">0</subfield>
    <subfield code="7">0</subfield>
    <subfield code="a">SEACOMEC</subfield>
    <subfield code="b">SEACOMEC</subfield>
    <subfield code="d">2007-08-14</subfield>
    <subfield code="l">0</subfield>
    <subfield code="o">005.73 L767</subfield>
    <subfield code="p">7909</subfield>
    <subfield code="r">2024-09-24 15:18:04</subfield>
    <subfield code="t">18</subfield>
    <subfield code="w">2024-09-24</subfield>
    <subfield code="y">BOOK</subfield>
  </datafield>
  <datafield tag="952" ind1=" " ind2=" ">
    <subfield code="0">0</subfield>
    <subfield code="1">0</subfield>
    <subfield code="2">ddc</subfield>
    <subfield code="4">0</subfield>
    <subfield code="7">0</subfield>
    <subfield code="a">SEACOMEC</subfield>
    <subfield code="b">SEACOMEC</subfield>
    <subfield code="d">2007-08-14</subfield>
    <subfield code="l">0</subfield>
    <subfield code="o">005.73 L767</subfield>
    <subfield code="p">7910</subfield>
    <subfield code="r">2024-09-24 15:18:04</subfield>
    <subfield code="t">19</subfield>
    <subfield code="w">2024-09-24</subfield>
    <subfield code="y">BOOK</subfield>
  </datafield>
  <datafield tag="952" ind1=" " ind2=" ">
    <subfield code="0">0</subfield>
    <subfield code="1">0</subfield>
    <subfield code="2">ddc</subfield>
    <subfield code="4">0</subfield>
    <subfield code="7">0</subfield>
    <subfield code="a">SEACOMEC</subfield>
    <subfield code="b">SEACOMEC</subfield>
    <subfield code="d">2007-08-14</subfield>
    <subfield code="l">0</subfield>
    <subfield code="o">005.73 L767</subfield>
    <subfield code="p">7911</subfield>
    <subfield code="r">2024-09-24 15:18:04</subfield>
    <subfield code="t">20</subfield>
    <subfield code="w">2024-09-24</subfield>
    <subfield code="y">BOOK</subfield>
  </datafield>
  <datafield tag="952" ind1=" " ind2=" ">
    <subfield code="0">0</subfield>
    <subfield code="1">0</subfield>
    <subfield code="2">ddc</subfield>
    <subfield code="4">0</subfield>
    <subfield code="7">0</subfield>
    <subfield code="a">SEACOMEC</subfield>
    <subfield code="b">SEACOMEC</subfield>
    <subfield code="d">2007-08-14</subfield>
    <subfield code="l">0</subfield>
    <subfield code="o">005.73 L767</subfield>
    <subfield code="p">7912</subfield>
    <subfield code="r">2024-09-24 15:18:04</subfield>
    <subfield code="t">21</subfield>
    <subfield code="w">2024-09-24</subfield>
    <subfield code="y">BOOK</subfield>
  </datafield>
  <datafield tag="952" ind1=" " ind2=" ">
    <subfield code="0">0</subfield>
    <subfield code="1">0</subfield>
    <subfield code="2">ddc</subfield>
    <subfield code="4">0</subfield>
    <subfield code="7">0</subfield>
    <subfield code="a">SEACOMEC</subfield>
    <subfield code="b">SEACOMEC</subfield>
    <subfield code="d">2007-08-14</subfield>
    <subfield code="l">0</subfield>
    <subfield code="o">005.73 L767</subfield>
    <subfield code="p">7913</subfield>
    <subfield code="r">2024-09-24 15:18:04</subfield>
    <subfield code="t">22</subfield>
    <subfield code="w">2024-09-24</subfield>
    <subfield code="y">BOOK</subfield>
  </datafield>
  <datafield tag="952" ind1=" " ind2=" ">
    <subfield code="0">0</subfield>
    <subfield code="1">0</subfield>
    <subfield code="2">ddc</subfield>
    <subfield code="4">0</subfield>
    <subfield code="7">0</subfield>
    <subfield code="a">SEACOMEC</subfield>
    <subfield code="b">SEACOMEC</subfield>
    <subfield code="d">2007-08-14</subfield>
    <subfield code="l">0</subfield>
    <subfield code="o">005.73 L767</subfield>
    <subfield code="p">7914</subfield>
    <subfield code="r">2024-09-24 15:18:04</subfield>
    <subfield code="t">23</subfield>
    <subfield code="w">2024-09-24</subfield>
    <subfield code="y">BOOK</subfield>
  </datafield>
  <datafield tag="952" ind1=" " ind2=" ">
    <subfield code="0">0</subfield>
    <subfield code="1">0</subfield>
    <subfield code="2">ddc</subfield>
    <subfield code="4">0</subfield>
    <subfield code="7">0</subfield>
    <subfield code="a">SEACOMEC</subfield>
    <subfield code="b">SEACOMEC</subfield>
    <subfield code="d">2007-08-14</subfield>
    <subfield code="l">0</subfield>
    <subfield code="o">005.73 L767</subfield>
    <subfield code="p">7915</subfield>
    <subfield code="r">2024-09-24 15:18:04</subfield>
    <subfield code="t">24</subfield>
    <subfield code="w">2024-09-24</subfield>
    <subfield code="y">BOOK</subfield>
  </datafield>
  <datafield tag="952" ind1=" " ind2=" ">
    <subfield code="0">0</subfield>
    <subfield code="1">0</subfield>
    <subfield code="2">ddc</subfield>
    <subfield code="4">0</subfield>
    <subfield code="7">0</subfield>
    <subfield code="a">SEACOMEC</subfield>
    <subfield code="b">SEACOMEC</subfield>
    <subfield code="d">2007-08-14</subfield>
    <subfield code="l">0</subfield>
    <subfield code="o">005.73 L767</subfield>
    <subfield code="p">7916</subfield>
    <subfield code="r">2024-09-24 15:18:04</subfield>
    <subfield code="t">25</subfield>
    <subfield code="w">2024-09-24</subfield>
    <subfield code="y">BOOK</subfield>
  </datafield>
  <datafield tag="952" ind1=" " ind2=" ">
    <subfield code="0">0</subfield>
    <subfield code="1">0</subfield>
    <subfield code="2">ddc</subfield>
    <subfield code="4">0</subfield>
    <subfield code="7">0</subfield>
    <subfield code="a">SEACOMEC</subfield>
    <subfield code="b">SEACOMEC</subfield>
    <subfield code="d">2007-08-14</subfield>
    <subfield code="l">0</subfield>
    <subfield code="o">005.73 L767</subfield>
    <subfield code="p">7917</subfield>
    <subfield code="r">2024-09-24 15:18:04</subfield>
    <subfield code="t">26</subfield>
    <subfield code="w">2024-09-24</subfield>
    <subfield code="y">BOOK</subfield>
  </datafield>
  <datafield tag="952" ind1=" " ind2=" ">
    <subfield code="0">0</subfield>
    <subfield code="1">0</subfield>
    <subfield code="2">ddc</subfield>
    <subfield code="4">0</subfield>
    <subfield code="7">0</subfield>
    <subfield code="a">SEACOMEC</subfield>
    <subfield code="b">SEACOMEC</subfield>
    <subfield code="d">2007-08-14</subfield>
    <subfield code="l">1</subfield>
    <subfield code="o">005.73 L767</subfield>
    <subfield code="p">7918</subfield>
    <subfield code="q">2025-11-25</subfield>
    <subfield code="r">2025-11-11 15:35:18</subfield>
    <subfield code="s">2025-11-11</subfield>
    <subfield code="t">27</subfield>
    <subfield code="w">2024-09-24</subfield>
    <subfield code="y">BOOK</subfield>
  </datafield>
  <datafield tag="952" ind1=" " ind2=" ">
    <subfield code="0">0</subfield>
    <subfield code="1">0</subfield>
    <subfield code="2">ddc</subfield>
    <subfield code="4">0</subfield>
    <subfield code="7">0</subfield>
    <subfield code="a">SEACOMEC</subfield>
    <subfield code="b">SEACOMEC</subfield>
    <subfield code="d">2007-08-14</subfield>
    <subfield code="l">0</subfield>
    <subfield code="o">005.73 L767</subfield>
    <subfield code="p">7919</subfield>
    <subfield code="r">2024-09-24 15:18:04</subfield>
    <subfield code="t">28</subfield>
    <subfield code="w">2024-09-24</subfield>
    <subfield code="y">BOOK</subfield>
  </datafield>
  <datafield tag="952" ind1=" " ind2=" ">
    <subfield code="0">0</subfield>
    <subfield code="1">0</subfield>
    <subfield code="2">ddc</subfield>
    <subfield code="4">0</subfield>
    <subfield code="7">0</subfield>
    <subfield code="a">SEACOMEC</subfield>
    <subfield code="b">SEACOMEC</subfield>
    <subfield code="d">2007-08-14</subfield>
    <subfield code="l">0</subfield>
    <subfield code="o">005.73 L767</subfield>
    <subfield code="p">7920</subfield>
    <subfield code="r">2024-09-24 15:18:04</subfield>
    <subfield code="t">29</subfield>
    <subfield code="w">2024-09-24</subfield>
    <subfield code="y">BOOK</subfield>
  </datafield>
  <datafield tag="952" ind1=" " ind2=" ">
    <subfield code="0">0</subfield>
    <subfield code="1">0</subfield>
    <subfield code="2">ddc</subfield>
    <subfield code="4">0</subfield>
    <subfield code="7">0</subfield>
    <subfield code="a">SEACOMEC</subfield>
    <subfield code="b">SEACOMEC</subfield>
    <subfield code="d">2008-08-01</subfield>
    <subfield code="l">0</subfield>
    <subfield code="o">005.73 L767</subfield>
    <subfield code="p">12519</subfield>
    <subfield code="r">2025-02-03 12:29:22</subfield>
    <subfield code="t">30</subfield>
    <subfield code="w">2025-02-03</subfield>
    <subfield code="y">BOOK</subfield>
  </datafield>
  <datafield tag="952" ind1=" " ind2=" ">
    <subfield code="0">0</subfield>
    <subfield code="1">0</subfield>
    <subfield code="2">ddc</subfield>
    <subfield code="4">0</subfield>
    <subfield code="7">0</subfield>
    <subfield code="a">SEACOMEC</subfield>
    <subfield code="b">SEACOMEC</subfield>
    <subfield code="d">2008-08-01</subfield>
    <subfield code="l">0</subfield>
    <subfield code="o">005.73 L767</subfield>
    <subfield code="p">12520</subfield>
    <subfield code="r">2025-02-03 12:29:22</subfield>
    <subfield code="t">31</subfield>
    <subfield code="w">2025-02-03</subfield>
    <subfield code="y">BOOK</subfield>
  </datafield>
  <datafield tag="952" ind1=" " ind2=" ">
    <subfield code="0">0</subfield>
    <subfield code="1">0</subfield>
    <subfield code="2">ddc</subfield>
    <subfield code="4">0</subfield>
    <subfield code="7">0</subfield>
    <subfield code="a">SEACOMEC</subfield>
    <subfield code="b">SEACOMEC</subfield>
    <subfield code="d">2008-08-01</subfield>
    <subfield code="l">0</subfield>
    <subfield code="o">005.73 L767</subfield>
    <subfield code="p">12521</subfield>
    <subfield code="r">2025-02-03 12:29:22</subfield>
    <subfield code="t">32</subfield>
    <subfield code="w">2025-02-03</subfield>
    <subfield code="y">BOOK</subfield>
  </datafield>
  <datafield tag="952" ind1=" " ind2=" ">
    <subfield code="0">0</subfield>
    <subfield code="1">0</subfield>
    <subfield code="2">ddc</subfield>
    <subfield code="4">0</subfield>
    <subfield code="7">0</subfield>
    <subfield code="a">SEACOMEC</subfield>
    <subfield code="b">SEACOMEC</subfield>
    <subfield code="d">2008-08-01</subfield>
    <subfield code="l">0</subfield>
    <subfield code="o">005.73 L767</subfield>
    <subfield code="p">12522</subfield>
    <subfield code="r">2025-02-03 12:29:22</subfield>
    <subfield code="t">33</subfield>
    <subfield code="w">2025-02-03</subfield>
    <subfield code="y">BOOK</subfield>
  </datafield>
  <datafield tag="952" ind1=" " ind2=" ">
    <subfield code="0">0</subfield>
    <subfield code="1">0</subfield>
    <subfield code="2">ddc</subfield>
    <subfield code="4">0</subfield>
    <subfield code="7">0</subfield>
    <subfield code="a">SEACOMEC</subfield>
    <subfield code="b">SEACOMEC</subfield>
    <subfield code="d">2008-08-01</subfield>
    <subfield code="l">0</subfield>
    <subfield code="o">005.73 L767</subfield>
    <subfield code="p">12523</subfield>
    <subfield code="r">2025-02-03 12:29:22</subfield>
    <subfield code="t">34</subfield>
    <subfield code="w">2025-02-03</subfield>
    <subfield code="y">BOOK</subfield>
  </datafield>
  <datafield tag="952" ind1=" " ind2=" ">
    <subfield code="0">0</subfield>
    <subfield code="1">0</subfield>
    <subfield code="2">ddc</subfield>
    <subfield code="4">0</subfield>
    <subfield code="7">0</subfield>
    <subfield code="a">SEACOMEC</subfield>
    <subfield code="b">SEACOMEC</subfield>
    <subfield code="d">2008-08-01</subfield>
    <subfield code="l">0</subfield>
    <subfield code="o">005.73 L767</subfield>
    <subfield code="p">12524</subfield>
    <subfield code="r">2025-02-03 12:29:22</subfield>
    <subfield code="t">35</subfield>
    <subfield code="w">2025-02-03</subfield>
    <subfield code="y">BOOK</subfield>
  </datafield>
  <datafield tag="952" ind1=" " ind2=" ">
    <subfield code="0">0</subfield>
    <subfield code="1">0</subfield>
    <subfield code="2">ddc</subfield>
    <subfield code="4">0</subfield>
    <subfield code="7">0</subfield>
    <subfield code="a">SEACOMEC</subfield>
    <subfield code="b">SEACOMEC</subfield>
    <subfield code="d">2008-08-01</subfield>
    <subfield code="l">0</subfield>
    <subfield code="o">005.73 L767</subfield>
    <subfield code="p">12525</subfield>
    <subfield code="r">2025-02-03 12:29:22</subfield>
    <subfield code="t">36</subfield>
    <subfield code="w">2025-02-03</subfield>
    <subfield code="y">BOOK</subfield>
  </datafield>
  <datafield tag="952" ind1=" " ind2=" ">
    <subfield code="0">0</subfield>
    <subfield code="1">0</subfield>
    <subfield code="2">ddc</subfield>
    <subfield code="4">0</subfield>
    <subfield code="7">0</subfield>
    <subfield code="a">SEACOMEC</subfield>
    <subfield code="b">SEACOMEC</subfield>
    <subfield code="d">2008-08-01</subfield>
    <subfield code="l">0</subfield>
    <subfield code="o">005.73 L767</subfield>
    <subfield code="p">12526</subfield>
    <subfield code="r">2025-02-03 12:29:22</subfield>
    <subfield code="t">37</subfield>
    <subfield code="w">2025-02-03</subfield>
    <subfield code="y">BOOK</subfield>
  </datafield>
  <datafield tag="952" ind1=" " ind2=" ">
    <subfield code="0">0</subfield>
    <subfield code="1">0</subfield>
    <subfield code="2">ddc</subfield>
    <subfield code="4">0</subfield>
    <subfield code="7">0</subfield>
    <subfield code="a">SEACOMEC</subfield>
    <subfield code="b">SEACOMEC</subfield>
    <subfield code="d">2008-08-01</subfield>
    <subfield code="l">0</subfield>
    <subfield code="o">005.73 L767</subfield>
    <subfield code="p">12527</subfield>
    <subfield code="r">2025-02-03 12:29:22</subfield>
    <subfield code="t">38</subfield>
    <subfield code="w">2025-02-03</subfield>
    <subfield code="y">BOOK</subfield>
  </datafield>
  <datafield tag="952" ind1=" " ind2=" ">
    <subfield code="0">0</subfield>
    <subfield code="1">0</subfield>
    <subfield code="2">ddc</subfield>
    <subfield code="4">0</subfield>
    <subfield code="7">0</subfield>
    <subfield code="a">SEACOMEC</subfield>
    <subfield code="b">SEACOMEC</subfield>
    <subfield code="d">2008-08-01</subfield>
    <subfield code="l">0</subfield>
    <subfield code="o">005.73 L767</subfield>
    <subfield code="p">12528</subfield>
    <subfield code="r">2025-02-03 12:29:22</subfield>
    <subfield code="t">39</subfield>
    <subfield code="w">2025-02-03</subfield>
    <subfield code="y">BOOK</subfield>
  </datafield>
  <datafield tag="999" ind1=" " ind2=" ">
    <subfield code="c">1724</subfield>
    <subfield code="d">1724</subfield>
  </datafield>
</record>
